[Event "40th ECC Open 2025"]
[Site "Rhodes GRE"]
[Date "2025.10.21"]
[Round "3.83"]
[White "Erenberg, Ariel"]
[Black "Sakalauskas, Vaidas"]
[Result "1-0"]
[WhiteTitle "IM"]
[BlackTitle "IM"]
[WhiteElo "2510"]
[BlackElo "2317"]
[WhiteTeam "Kfar Saba"]
[BlackTeam "Vilnius MRU-ROSK Consulting"]
[WhiteFideId "2811634"]
[BlackFideId "12800457"]
[EventDate "2025.10.19"]
[EventType "team"]

1. e4 e6 2. d4 d5 3. Nc3 Nf6 4. e5 Nfd7 5. f4 c5 6. Nf3 Nc6 7. Be3 cxd4 8. Nxd4
Bc5 9. Qd2 Nxd4 10. Bxd4 Bxd4 11. Qxd4 Qb6 12. Nb5 Qxd4 13. Nxd4 Ke7 14. h4 Nb8
15. h5 Nc6 16. O-O-O Bd7 17. Nf3 Rac8 18. Bd3 a6 19. a3 Na7 20. h6 g6 21. Nd4
Nc6 22. Nf3 Na7 23. g4 Bb5 24. Bxb5 Nxb5 25. f5 Rc4 26. f6+ Ke8 27. Rhg1 Rf4 28.
Rg3 Rg8 29. Ng5 Nd4 30. Kd2 Nc6 31. Re1 Rd4+ 32. Kc1 Rf4 33. Rg2 Rh8 34. b3 Rd4
35. Re3 Rf4 36. Rf3 Rxf3 37. Nxf3 Rg8 38. Kd2 g5 39. Ke3 Rg6 40. Rh2 Kd7 41. Rh5
Ke8 42. Nxg5 Nxe5 43. Kf4 Nd7 44. Nxh7 Rg8 45. Rg5 e5+ 46. Kf5 Rh8 47. Rg7 e4
48. Kf4 d4 49. Kxe4 Rxh7 50. Rg8+ Nf8 51. g5 1-0

[Event "40th ECC Open 2025"]
[Site "Rhodes GRE"]
[Date "2025.10.21"]
[Round "3.84"]
[White "Setkauskas, Vaidas"]
[Black "Mindlin, Alon"]
[Result "1/2-1/2"]
[BlackTitle "IM"]
[WhiteElo "2272"]
[BlackElo "2451"]
[WhiteTeam "Vilnius MRU-ROSK Consulting"]
[BlackTeam "Kfar Saba"]
[WhiteFideId "12803936"]
[BlackFideId "2800071"]
[EventDate "2025.10.19"]
[EventType "team"]

1. e4 e5 2. Nf3 Nc6 3. Bb5 a6 4. Ba4 Nf6 5. O-O Be7 6. d3 b5 7. Bb3 d6 8. c3 O-O
9. a4 Rb8 10. axb5 axb5 11. h3 Be6 12. Re1 Qd7 13. d4 exd4 14. cxd4 d5 15. e5
Ne4 16. Nc3 Nxc3 17. bxc3 Ra8 18. Bg5 Bf5 19. Qe2 Be4 20. Bxe7 Nxe7 21. Ng5 Bf5
22. g4 Rxa1 23. Rxa1 h6 24. gxf5 hxg5 25. Bc2 f6 26. Ra7 Re8 27. Qh5 Rf8 28. Qe2
Re8 29. Qh5 Rf8 30. exf6 gxf6 31. h4 gxh4 32. Qxh4 Rf7 33. Ra8+ Nc8 34. Kf1 b4
35. Qg4+ Rg7 36. Ba4 c6 37. Qf4 bxc3 38. Qb8 Kh7 39. Qh2+ Kg8 40. Qb8 Kh7 41.
Bc2 Qb7 42. Qh2+ Kg8 43. Qb8 Qxb8 44. Rxb8 Rc7 45. Ke2 Kf7 46. Kd3 Nd6 47. Kxc3
Nb5+ 48. Kd3 Ra7 49. Bd1 Ra3+ 50. Kd2 Nxd4 51. Rb7+ Kg8 52. Rc7 Ra6 53. Bh5 Nxf5
54. Be8 Nd4 55. Kd3 Nf3 56. Ke3 Ra3+ 57. Ke2 Nd4+ 58. Kd2 Rf3 59. Bh5 Rf5 60.
Bg6 Rf3 61. Bh5 Rh3 62. Be8 Nb3+ 63. Kc2 Rf3 64. Bh5 Nd4+ 65. Kd2 Ra3 66. Be8
Ra2+ 67. Kd3 Nf3 68. Bxc6 Ne5+ 69. Ke3 Ra3+ 70. Kd4 Rd3+ 71. Kc5 Nxc6 72. Rxc6
Kf7 73. Rd6 Rd2 74. f3 Kg6 75. Rxd5 Re2 76. Kd4 f5 77. Re5 Rxe5 78. Kxe5 Kg5 79.
Ke6 Kf4 80. Kf6 Kxf3 81. Kxf5 1/2-1/2

[Event "40th ECC Open 2025"]
[Site "Rhodes GRE"]
[Date "2025.10.21"]
[Round "3.85"]
[White "Ten Hertog, Hugo"]
[Black "Movahed, Sina"]
[Result "0-1"]
[WhiteTitle "GM"]
[BlackTitle "GM"]
[WhiteElo "2532"]
[BlackElo "2586"]
[WhiteTeam "Paul Keres #1"]
[BlackTeam "Turkish Airlines sports club"]
[WhiteFideId "1026356"]
[BlackFideId "42520835"]
[EventDate "2025.10.19"]
[EventType "team"]

1. Nf3 d5 2. g3 Nf6 3. Bg2 c5 4. O-O e6 5. c4 d4 6. e3 Nc6 7. d3 Bd6 8. exd4
cxd4 9. Nbd2 O-O 10. Ng5 h6 11. Nge4 Nxe4 12. Nxe4 Be7 13. Re1 a5 14. a3 a4 15.
b4 axb3 16. Qxb3 Qa5 17. Bf4 Rd8 18. Qb5 e5 19. Bd2 Qc7 20. c5 Be6 21. f4 Qd7
22. a4 Bd5 23. Rab1 f5 24. Nd6 Bxg2 25. Qc4+ Kh7 26. Rxb7 Bd5 27. Rxd7 Bxc4 28.
Rxd8 Bxd8 29. Nxc4 e4 30. dxe4 Rxa4 31. Nd6 Ra2 32. Rd1 fxe4 33. Nxe4 Be7 34.
Kf2 Kg6 35. Ke2 Kf5 36. Nf2 Ke6 37. Nd3 Kd5 38. Rb1 Bd8 39. Nc1 Ra7 40. Nd3 h5
41. h3 Ra2 42. Nc1 Ra3 43. Nd3 Ra7 44. f5 Bc7 45. g4 Ne5 46. Nf4+ Ke4 47. Ne6
Ra2 48. Ng5+ Kd5 49. Kd1 Nc4 50. Nf3 Ra3 51. Ne1 h4 52. Rb7 Kc6 53. Rb4 Nxd2 54.
Rxd4 Nf3 55. Nc2 Nxd4 56. Nxa3 Nf3 57. Nc2 Ng5 58. Nd4+ Kxc5 59. f6 gxf6 60. Nf5
Bg3 0-1

[Event "40th ECC Open 2025"]
[Site "Rhodes GRE"]
[Date "2025.10.21"]
[Round "3.86"]
[White "Xiao, Tong(QD)"]
[Black "Ootes, Lars"]
[Result "1-0"]
[WhiteTitle "GM"]
[BlackTitle "IM"]
[WhiteElo "2537"]
[BlackElo "2357"]
[WhiteTeam "Turkish Airlines sports club"]
[BlackTeam "Paul Keres #1"]
[WhiteFideId "8622388"]
[BlackFideId "1019708"]
[EventDate "2025.10.19"]
[EventType "team"]

1. e4 d6 2. d4 Nf6 3. Nc3 g6 4. Be3 Bg7 5. Qd2 a6 6. Nf3 O-O 7. Bh6 c5 8. O-O-O
Nc6 9. Bxg7 Kxg7 10. dxc5 dxc5 11. Qe1 Qa5 12. e5 Ng8 13. Bc4 Bg4 14. e6 f6 15.
Qe3 Bxf3 16. Qxf3 Rac8 17. Qe4 b5 18. Bd5 Nd4 19. Ne2 Nxe2+ 20. Qxe2 c4 21. Kb1
c3 22. Bb3 cxb2 23. h4 Qb4 24. Qd2 Qxd2 25. Rxd2 Nh6 26. Kxb2 a5 27. a3 Nf5 28.
Rd7 h5 29. Rhd1 Rc5 30. R1d5 Rfc8 31. g3 g5 32. a4 bxa4 33. Bxa4 gxh4 34. gxh4
Kg6 35. Bb3 Rxd5 36. Bxd5 Nxh4 37. Rxe7 Rc5 38. Rd7 Nf5 39. f4 h4 40. Be4 h3 41.
Rd8 Rc4 42. Bd3 Rb4+ 43. Ka3 Kg7 44. Bxf5 h2 45. e7 h1=Q 46. Rg8+ Kxg8 47. e8=Q+
Kg7 48. Qe7+ Kg8 49. Qe8+ Kg7 50. Qe7+ Kh8 51. Qf8# 1-0

[Event "40th ECC Open 2025"]
[Site "Rhodes GRE"]
[Date "2025.10.21"]
[Round "3.87"]
[White "Kerigan, Demre"]
[Black "Oro, Faustino"]
[Result "1/2-1/2"]
[WhiteTitle "IM"]
[BlackTitle "IM"]
[WhiteElo "2358"]
[BlackElo "2509"]
[WhiteTeam "Paul Keres #1"]
[BlackTeam "Turkish Airlines sports club"]
[WhiteFideId "6307841"]
[BlackFideId "20000197"]
[EventDate "2025.10.19"]
[EventType "team"]

1. e4 c5 2. Nf3 d6 3. Bb5+ Nd7 4. d4 cxd4 5. Nxd4 Nf6 6. O-O a6 7. Bd3 Nc5 8.
Re1 e6 9. c4 Be7 10. Nc3 O-O 11. Bf1 Qc7 12. f3 b6 13. Be3 Bb7 14. Qd2 Rac8 15.
Rac1 Qb8 16. Rc2 Bd8 17. Kh1 Bc7 18. b4 Ncd7 19. Bg1 Rfe8 20. Na4 h5 21. Rb1 Ba8
22. Qd1 Rcd8 23. Nc3 Ne5 24. b5 a5 25. Nc6 Nxc6 26. bxc6 Bxc6 27. Nb5 Bxb5 28.
Rxb5 e5 29. Qe1 Re6 30. g3 Qb7 31. Bh3 Ree8 32. Be3 Rb8 33. Qd1 Nxe4 34. fxe4
Qxe4+ 35. Bg2 Qxe3 36. Bd5 Qg5 37. Rf2 Re7 38. Qf1 Rf8 39. Rf5 Qg4 40. Rb2 e4
41. Rbf2 e3 42. Rxf7 exf2 43. Rxf2+ Kh7 44. Rxf8 Qd4 45. h4 g6 46. Rc8 Qe5 47.
Bg8+ Kh6 48. Qf8+ Qg7 49. Qf4+ g5 50. Qc1 Qe5 51. Bd5 Qe1+ 52. Qxe1 Rxe1+ 53.
Kg2 Re7 54. Rh8+ Kg6 55. Rg8+ Rg7 56. Rf8 Re7 57. Rg8+ Rg7 58. Rf8 Re7 59. Kf3
gxh4 60. gxh4 Kg7 61. Rg8+ Kf6 62. Kf4 Rg7 63. Rxg7 Kxg7 64. Kg5 1/2-1/2

[Event "40th ECC Open 2025"]
[Site "Rhodes GRE"]
[Date "2025.10.21"]
[Round "3.88"]
[White "Ahmad, Khagan"]
[Black "Ondersteijn, Niels"]
[Result "1/2-1/2"]
[WhiteTitle "IM"]
[BlackTitle "IM"]
[WhiteElo "2455"]
[BlackElo "2368"]
[WhiteTeam "Turkish Airlines sports club"]
[BlackTeam "Paul Keres #1"]
[WhiteFideId "13431552"]
[BlackFideId "1011162"]
[EventDate "2025.10.19"]
[EventType "team"]

1. c4 e6 2. Nf3 Nf6 3. g3 d5 4. d4 dxc4 5. Bg2 c5 6. O-O Nc6 7. dxc5 Qxd1 8.
Rxd1 Bxc5 9. Nbd2 c3 10. bxc3 O-O 11. Nb3 Be7 12. Nfd4 Nxd4 13. cxd4 Nd5 14. Bd2
f5 15. Na5 b6 16. Nc6 Bf6 17. Rac1 Bb7 18. Rc2 Rfc8 19. Rdc1 Kf7 20. g4 fxg4 21.
e4 Rxc6 22. Rxc6 Bxc6 23. Rxc6 Ne7 24. Rd6 Nc8 25. Rd7+ Ke8 26. Rc7 Bxd4 27. e5
Rb8 28. Rxg7 Bxe5 29. Bc6+ Kf8 30. Rxh7 Nd6 31. Bb4 Kg8 32. Rxa7 Nf5 33. Ra8 Nd4
34. Rxb8+ Bxb8 35. Be4 Nf3+ 36. Kg2 Nxh2 37. Be7 Bc7 38. a4 Kf7 39. Bh4 Nf3 40.
Bxf3 gxf3+ 41. Kxf3 Ke8 42. Bg3 Bd8 43. Ke4 Kd7 44. Kd4 Kc6 45. Ke5 Kd7 46. Bf4
Bc7+ 47. Ke4 Bd8 48. Be5 Kc6 49. Bg3 b5 50. axb5+ Kxb5 51. Bh4 Bxh4 52. Ke5 Bxf2
53. Kd6 Bg3+ 54. Kxe6 1/2-1/2

[Event "40th ECC Open 2025"]
[Site "Rhodes GRE"]
[Date "2025.10.21"]
[Round "3.89"]
[White "Lombaers, Peter"]
[Black "Cieslak, Patryk"]
[Result "0-1"]
[WhiteTitle "FM"]
[BlackTitle "IM"]
[WhiteElo "2294"]
[BlackElo "2474"]
[WhiteTeam "Paul Keres #1"]
[BlackTeam "Turkish Airlines sports club"]
[WhiteFideId "1032852"]
[BlackFideId "21078882"]
[EventDate "2025.10.19"]
[EventType "team"]

1. d4 Nf6 2. c4 e6 3. Nf3 d5 4. Nc3 dxc4 5. e4 b5 6. e5 Nd5 7. Nxb5 Nb6 8. a4
Qd7 9. Bd2 Bb7 10. Be2 a6 11. Na3 Bxa3 12. Rxa3 a5 13. O-O Bd5 14. Be3 O-O 15.
Qc2 Nc6 16. Ng5 f5 17. exf6 gxf6 18. Nh3 Kh8 19. Nf4 Rg8 20. Kh1 Nb4 21. Qd1 Bc6
22. Bf3 Rab8 23. Bxc6 Qxc6 24. f3 N6d5 25. Nxd5 Nxd5 26. Qc2 c3 27. Bc1 Rb4 28.
bxc3 Rxd4 29. Qb3 Rh4 30. Ra2 Rc4 31. Bd2 Nb6 32. Qb5 Qd6 33. Qxa5 Rh4 34. g3
Rxh2+ 0-1

[Event "40th ECC Open 2025"]
[Site "Rhodes GRE"]
[Date "2025.10.21"]
[Round "3.90"]
[White "Erten, Kerem"]
[Black "Wemmers, Xander"]
[Result "1-0"]
[WhiteTitle "FM"]
[BlackTitle "IM"]
[WhiteElo "2372"]
[BlackElo "2316"]
[WhiteTeam "Turkish Airlines sports club"]
[BlackTeam "Paul Keres #1"]
[WhiteFideId "34588221"]
[BlackFideId "1004182"]
[EventDate "2025.10.19"]
[EventType "team"]

1. e4 c5 2. Nf3 d6 3. Nc3 Nc6 4. Bb5 Bd7 5. Bxc6 Bxc6 6. d4 cxd4 7. Nxd4 Nf6 8.
Nxc6 bxc6 9. O-O e6 10. Bf4 e5 11. Bg5 Be7 12. Qd3 h6 13. Bxf6 Bxf6 14. Nd1 O-O
15. Ne3 Qc7 16. Nf5 d5 17. Rad1 Rfd8 18. b3 h5 19. Qf3 dxe4 20. Qxh5 g6 21. Qg4
Qa5 22. Nd6 Qxa2 23. Qxe4 Qa6 24. h4 Qb6 25. Qf3 Kg7 26. h5 gxh5 27. Rd3 Qc7 28.
Rfd1 h4 29. Qh5 Rh8 30. Qg4+ Kf8 31. Ne4 Be7 32. Rd7 Qa5 33. Rxe7 Kxe7 34. Rd7+
Kf8 35. Qf5 1-0

[Event "40th ECC Open 2025"]
[Site "Rhodes GRE"]
[Date "2025.10.21"]
[Round "3.91"]
[White "Rozen, Eytan"]
[Black "Mastrovasilis, Dimitrios"]
[Result "1/2-1/2"]
[WhiteTitle "IM"]
[BlackTitle "GM"]
[WhiteElo "2510"]
[BlackElo "2522"]
[WhiteTeam "Beer Sheva"]
[BlackTeam "Kavala"]
[WhiteFideId "2816750"]
[BlackFideId "4202694"]
[EventDate "2025.10.19"]
[EventType "team"]

1. d4 d5 2. c4 e6 3. Nf3 Nf6 4. Nc3 c5 5. cxd5 cxd4 6. Qxd4 exd5 7. e4 dxe4 8.
Qxd8+ Kxd8 9. Ng5 Be6 10. a3 Nbd7 11. Bf4 Rc8 12. Ncxe4 Nxe4 13. Nxe4 h6 14. Bb5
f5 15. Nd6 Bxd6 16. Bxd6 Bc4 17. Bxc4 Re8+ 18. Kd2 Rxc4 19. Rad1 Nc5 20. Bxc5
Rxc5 21. Rhe1 Rxe1 22. Rxe1 Kd7 23. f4 Rd5+ 24. Kc3 Rc5+ 25. Kd3 Rd5+ 26. Kc3
Rc5+ 27. Kd3 Rd5+ 28. Kc3 Rc5+ 29. Kd3 Rd5+ 30. Kc3 Rc5+ 1/2-1/2

[Event "40th ECC Open 2025"]
[Site "Rhodes GRE"]
[Date "2025.10.21"]
[Round "3.92"]
[White "Galopoulos, Nikolaos"]
[Black "Ben Ari, Yannay"]
[Result "1/2-1/2"]
[BlackTitle "IM"]
[WhiteElo "2425"]
[BlackElo "2459"]
[WhiteTeam "Kavala"]
[BlackTeam "Beer Sheva"]
[WhiteFideId "4208951"]
[BlackFideId "2815222"]
[EventDate "2025.10.19"]
[EventType "team"]

1. d4 Nf6 2. c4 e6 3. Nf3 d5 4. Nc3 Bb4 5. Qa4+ Nc6 6. e3 O-O 7. Qc2 b6 8. a3
Bxc3+ 9. Qxc3 Ne7 10. Be2 c5 11. dxc5 bxc5 12. O-O Qb6 13. b4 dxc4 14. Qxc4 cxb4
15. axb4 Bb7 16. Bb2 Rfc8 17. Bd4 Rxc4 18. Bxb6 Rxb4 19. Bxa7 Nc6 20. Bc5 Rxa1
21. Rxa1 Rb2 22. Bd3 h6 23. Rb1 Rxb1+ 24. Bxb1 Nd7 25. Bd6 Na5 26. Ne5 Nxe5 27.
Bxe5 Nc4 28. Bc3 f5 29. Ba2 Bd5 30. Bxc4 Bxc4 31. Be5 1/2-1/2

[Event "40th ECC Open 2025"]
[Site "Rhodes GRE"]
[Date "2025.10.21"]
[Round "3.93"]
[White "Kobo, Ori"]
[Black "Kanakaris, Georgios"]
[Result "1-0"]
[WhiteTitle "GM"]
[BlackTitle "IM"]
[WhiteElo "2480"]
[BlackElo "2382"]
[WhiteTeam "Beer Sheva"]
[BlackTeam "Kavala"]
[WhiteFideId "2812320"]
[BlackFideId "4209460"]
[EventDate "2025.10.19"]
[EventType "team"]

1. e4 c5 2. Nf3 d6 3. d4 cxd4 4. Nxd4 Nf6 5. Nc3 a6 6. h3 e5 7. Nf3 Be7 8. g4 h6
9. Rg1 b5 10. g5 hxg5 11. Nxg5 Bb7 12. Be3 Qc7 13. Qd2 Nbd7 14. O-O-O Rc8 15. a3
Nb6 16. f4 Nc4 17. Bxc4 Qxc4 18. Qh2 a5 19. fxe5 dxe5 20. Qxe5 b4 21. axb4 axb4
22. Rd4 Qc7 23. Qxc7 Rxc7 24. Nb5 Rd7 25. e5 Nd5 26. Bf2 Rh6 27. Ne4 Nf4 28.
Ned6+ Bxd6 29. Nxd6+ Rhxd6 30. Rxf4 Rd5 31. Rxb4 Rxe5 32. Rxg7 Kf8 33. Rg1 Rf5
34. Be3 Rf3 35. Bc5+ 1-0

[Event "40th ECC Open 2025"]
[Site "Rhodes GRE"]
[Date "2025.10.21"]
[Round "3.94"]
[White "Stefanou, Dimitrios"]
[Black "Postny, Evgeny"]
[Result "1/2-1/2"]
[WhiteTitle "FM"]
[BlackTitle "GM"]
[WhiteElo "2334"]
[BlackElo "2529"]
[WhiteTeam "Kavala"]
[BlackTeam "Beer Sheva"]
[WhiteFideId "25825011"]
[BlackFideId "2804344"]
[EventDate "2025.10.19"]
[EventType "team"]

1. Nf3 Nf6 2. c4 e6 3. Nc3 Bb4 4. g4 Bxc3 5. dxc3 d6 6. g5 Nfd7 7. Bg2 e5 8. h4
Nc6 9. h5 Qe7 10. Qc2 Nb6 11. b3 Be6 12. Nh4 g6 13. Be3 O-O-O 14. O-O-O Kb8 15.
Bf3 Qe8 16. Rd2 Ne7 17. Rhd1 Nf5 18. Nxf5 Bxf5 19. Be4 Bxe4 20. Qxe4 Qc6 21.
Qxc6 bxc6 22. Bxb6 axb6 23. Rh1 Rdg8 24. Rd3 h6 25. hxg6 Rxg6 26. gxh6 Rhxh6 27.
Rxh6 Rxh6 28. Rf3 f6 29. Kd2 Kc8 30. e4 Kd7 31. Rg3 Rh2 32. Rg7+ Kc8 33. Ke3
Rh3+ 34. Rg3 Rh1 35. Rg6 Ra1 36. Rxf6 Rxa2 37. b4 Ra3 38. Kd3 b5 39. cxb5 cxb5
40. f4 exf4 41. Rxf4 Kd7 42. Rf5 Kc6 1/2-1/2

[Event "40th ECC Open 2025"]
[Site "Rhodes GRE"]
[Date "2025.10.21"]
[Round "3.95"]
[White "Huzman, Alexander"]
[Black "Koutlas, Nikolaos"]
[Result "0-1"]
[WhiteTitle "GM"]
[BlackTitle "FM"]
[WhiteElo "2521"]
[BlackElo "2302"]
[WhiteTeam "Beer Sheva"]
[BlackTeam "Kavala"]
[WhiteFideId "2803828"]
[BlackFideId "25827138"]
[EventDate "2025.10.19"]
[EventType "team"]

1. d4 Nf6 2. Nf3 e6 3. g3 d5 4. Bg2 Be7 5. c4 O-O 6. O-O dxc4 7. Qc2 c6 8. Qxc4
b5 9. Qc2 Bb7 10. Bg5 Nbd7 11. Bxf6 Nxf6 12. Nbd2 Rc8 13. Nb3 c5 14. dxc5 Be4
15. Qc3 Bd5 16. Rfd1 Ne4 17. Qe3 Nxc5 18. Ne5 Bg5 19. f4 Nxb3 20. axb3 Be7 21.
Rac1 Rxc1 22. Rxc1 Bxg2 23. Kxg2 Bf6 24. Qe4 a6 25. Nd3 g6 26. b4 a5 27. Rc5 a4
28. Rxb5 Bxb2 29. Ra5 a3 30. Qc4 Qb6 31. Nc5 Rb8 32. Ra4 Qc6+ 33. e4 Ra8 34.
Rxa8+ Qxa8 35. Na6 Qd8 36. b5 Qd2+ 37. Kh3 Qd4 38. Qb3 Qxe4 39. b6 Qe2 40. b7
Qh5+ 41. Kg2 Qe2+ 42. Kh3 Qf1+ 0-1

[Event "40th ECC Open 2025"]
[Site "Rhodes GRE"]
[Date "2025.10.21"]
[Round "3.96"]
[White "Ketzetzis, Georgios"]
[Black "Vydeslaver, Alik"]
[Result "1/2-1/2"]
[WhiteTitle "FM"]
[BlackTitle "IM"]
[WhiteElo "2260"]
[BlackElo "2373"]
[WhiteTeam "Kavala"]
[BlackTeam "Beer Sheva"]
[WhiteFideId "4215206"]
[BlackFideId "2801876"]
[EventDate "2025.10.19"]
[EventType "team"]

1. e4 c6 2. d4 d5 3. e5 Bf5 4. Nc3 e6 5. g4 Bg6 6. Nge2 h6 7. Nf4 Bh7 8. Bd3
Bxd3 9. Qxd3 a6 10. Be3 c5 11. dxc5 Nc6 12. O-O-O Nge7 13. Na4 Nxe5 14. Qb3 Qc7
15. Nb6 Rd8 16. c4 d4 17. Rxd4 Rxd4 18. Bxd4 N7c6 19. Be3 Be7 20. h3 O-O 21. Rd1
Rd8 22. Qc3 Bf6 23. Rxd8+ Qxd8 24. Qd2 g5 25. Qxd8+ Bxd8 26. Nh5 Bxb6 27. cxb6
Nxc4 28. Bc5 f5 29. gxf5 exf5 30. Ng3 f4 31. Ne4 N4e5 32. Bd6 Nf7 33. Bc7 Kg7
34. Nc5 Ncd8 35. b4 Kg6 36. a4 Kf5 37. b5 a5 38. f3 h5 39. Kd2 g4 40. hxg4+ hxg4
41. fxg4+ Kxg4 42. Ke2 Kg3 43. Nd3 Ne6 44. Nxf4 Nxf4+ 45. Ke3 Kg4 46. Bxf4 Kf5
47. Bg3 Ne5 48. Kd4 Nd7 49. Be1 Nxb6 50. Bxa5 Nxa4 51. Kd5 b6 52. Be1 Kf6 1/2-1/2

[Event "40th ECC Open 2025"]
[Site "Rhodes GRE"]
[Date "2025.10.21"]
[Round "3.97"]
[White "Erdos, Viktor"]
[Black "Johansson, Linus"]
[Result "1/2-1/2"]
[WhiteTitle "GM"]
[BlackTitle "IM"]
[WhiteElo "2538"]
[BlackElo "2408"]
[WhiteTeam "MTK Budapest"]
[BlackTeam "Limhamns SK"]
[WhiteFideId "719978"]
[BlackFideId "1711113"]
[EventDate "2025.10.19"]
[EventType "team"]

1. d4 Nf6 2. c4 e6 3. Nc3 Bb4 4. e3 O-O 5. Bd3 d5 6. a3 Bxc3+ 7. bxc3 dxc4 8.
Bxc4 c5 9. Ne2 Qc7 10. Ba2 Rd8 11. O-O b6 12. Ng3 Ba6 13. Re1 Nc6 14. Bb2 Rac8
15. Bb1 Bc4 16. h3 b5 17. a4 b4 18. cxb4 Nxb4 19. Nh5 Nxh5 20. Qxh5 Nd3 21. Bxd3
Bxd3 22. dxc5 Bg6 23. Qe5 Qxe5 24. Bxe5 Rxc5 25. Bd4 Rc7 26. Rec1 Rdc8 27. Rxc7
Rxc7 28. Be5 Rb7 29. Rc1 Rb1 30. Rxb1 Bxb1 1/2-1/2

[Event "40th ECC Open 2025"]
[Site "Rhodes GRE"]
[Date "2025.10.21"]
[Round "3.98"]
[White "Jepson, Christian"]
[Black "Juhasz, Agoston"]
[Result "1/2-1/2"]
[WhiteTitle "IM"]
[BlackTitle "IM"]
[WhiteElo "2402"]
[BlackElo "2434"]
[WhiteTeam "Limhamns SK"]
[BlackTeam "MTK Budapest"]
[WhiteFideId "1701185"]
[BlackFideId "778346"]
[EventDate "2025.10.19"]
[EventType "team"]

1. c4 c6 2. Nf3 d5 3. d4 Nf6 4. Nc3 e6 5. Bg5 h6 6. Bxf6 Qxf6 7. e3 Nd7 8. Qc2
g6 9. Bd3 Bg7 10. a4 a5 11. O-O O-O 12. Rad1 dxc4 13. Bxc4 Qe7 14. Rfe1 Rd8 15.
h4 Nb6 16. Bb3 Nd5 17. e4 Nb4 18. Qe2 Bd7 19. e5 c5 20. dxc5 Qxc5 21. Ne4 Qe7
22. h5 g5 23. Nd6 Bc6 24. Nh2 Bd5 25. Bxd5 Nxd5 26. Ng4 Ra6 27. Ne4 Kf8 28. Qf3
Rb6 29. Nef6 Rb4 30. Nh7+ Kg8 31. Nhf6+ Kf8 32. Nh7+ Kg8 33. Nhf6+ Kf8 1/2-1/2

[Event "40th ECC Open 2025"]
[Site "Rhodes GRE"]
[Date "2025.10.21"]
[Round "3.99"]
[White "Pribelszky, Bence"]
[Black "Lindgren, Philip"]
[Result "0-1"]
[WhiteTitle "IM"]
[BlackTitle "IM"]
[WhiteElo "2403"]
[BlackElo "2385"]
[WhiteTeam "MTK Budapest"]
[BlackTeam "Limhamns SK"]
[WhiteFideId "769738"]
[BlackFideId "1713230"]
[EventDate "2025.10.19"]
[EventType "team"]

1. e4 e5 2. Nf3 Nc6 3. Bc4 Bc5 4. c3 Nf6 5. d3 d6 6. O-O O-O 7. h3 h6 8. Re1 a6
9. Bb3 Ba7 10. Nbd2 Re8 11. Nf1 Be6 12. Bc2 d5 13. Qe2 Qd7 14. Ng3 Rad8 15. Kh2
d4 16. Nh4 Bc5 17. Nhf5 Bf8 18. f4 Bxf5 19. Nxf5 g6 20. Ng3 exf4 21. Bxf4 Bd6
22. Rf1 Bxf4 23. Rxf4 Nd5 24. Rh4 dxc3 25. bxc3 Qe7 26. Rxh6 Qg5 27. Qf2 Ne3 28.
Rh4 Ne5 29. Nh5 gxh5 30. Bb3 Rxd3 31. Rf4 Red8 32. Rg1 R8d7 33. Kh1 c5 34. h4
Qg6 35. Rf6 Qxe4 36. Re1 N5g4 37. Qg3 Qe5 38. Rg6+ Kf8 39. Qxe5 Nxe5 40. Rg5
N3g4 41. Rxh5 c4 42. Bc2 Rd2 43. Bf5 Rd1 0-1

[Event "40th ECC Open 2025"]
[Site "Rhodes GRE"]
[Date "2025.10.21"]
[Round "3.100"]
[White "Brynell, Stellan"]
[Black "Papp, Levente"]
[Result "0-1"]
[WhiteTitle "GM"]
[BlackTitle "FM"]
[WhiteElo "2378"]
[BlackElo "2360"]
[WhiteTeam "Limhamns SK"]
[BlackTeam "MTK Budapest"]
[WhiteFideId "1700219"]
[BlackFideId "751243"]
[EventDate "2025.10.19"]
[EventType "team"]

1. d4 Nf6 2. Nf3 e6 3. c4 c5 4. g3 cxd4 5. Nxd4 d5 6. Bg2 e5 7. Nf3 d4 8. O-O
Nc6 9. e3 Be7 10. exd4 exd4 11. Re1 O-O 12. Ne5 Nxe5 13. Rxe5 Bd6 14. Re1 Re8
15. Bg5 Bg4 16. f3 Qa5 17. Bd2 Qb6 18. Qb3 Bf5 19. Na3 Qc5 20. Qb5 d3+ 21. Qxc5
Bxc5+ 22. Kf1 Bxa3 23. bxa3 Rac8 24. Rxe8+ Nxe8 25. Rc1 b6 26. Bf4 h6 27. h4 g5
28. hxg5 hxg5 29. Bxg5 Nd6 30. Kf2 Nxc4 31. Rh1 Kg7 32. g4 Bg6 33. f4 f5 34.
Bh6+ Kf6 35. Bg5+ Kg7 36. Bh6+ Kf7 37. Bd5+ Ke7 38. Bg5+ Kd7 39. Bxc4 Rxc4 40.
gxf5 Bxf5 41. Rh8 Rc2+ 42. Ke3 Re2+ 43. Kd4 d2 44. Rd8+ Kc7 45. Kc3 Bd7 46. Kd4 0-1

[Event "40th ECC Open 2025"]
[Site "Rhodes GRE"]
[Date "2025.10.21"]
[Round "3.101"]
[White "Juhasz, Armin"]
[Black "Ziegler, Ari"]
[Result "1/2-1/2"]
[WhiteTitle "IM"]
[BlackTitle "IM"]
[WhiteElo "2375"]
[BlackElo "2297"]
[WhiteTeam "MTK Budapest"]
[BlackTeam "Limhamns SK"]
[WhiteFideId "724270"]
[BlackFideId "1700987"]
[EventDate "2025.10.19"]
[EventType "team"]

1. Nf3 Nf6 2. c4 c5 3. Nc3 d5 4. cxd5 Nxd5 5. e3 e6 6. d4 cxd4 7. exd4 Be7 8.
Bd3 O-O 9. O-O Nc6 10. Re1 Bf6 11. Be4 Nce7 12. Ne5 g6 13. Bh6 Bg7 14. Bxg7 Kxg7
15. Rc1 b6 16. Nxd5 Nxd5 17. Qf3 Bb7 18. Nc6 Bxc6 19. Rxc6 Nf6 20. Rec1 Rb8 21.
Qe3 Re8 22. Bf3 Kg8 23. h3 Re7 24. Qe5 Rd7 25. Rc7 Rxc7 26. Rxc7 a5 27. Qf4 h6
28. h4 h5 29. g3 Kg7 30. Bb7 Qf8 31. Qe5 Rd8 32. Qxe6 Rxd4 33. Bf3 b5 34. Kg2 b4
35. Ra7 Rd2 36. Qe5 Qd6 37. Qxd6 Rxd6 38. Rxa5 Rd2 39. b3 Ng4 40. Bxg4 hxg4 41.
Rg5 Rd4 42. Rc5 Rd2 43. Rc4 f5 44. Rxb4 Rxa2 45. Rb7+ Kf6 46. Rb6+ Kg7 47. b4
Rb2 48. b5 Rb1 49. Rb7+ Kf6 50. b6 Ke6 51. Rb8 Kf6 52. f4 gxf3+ 53. Kxf3 Rb3+
54. Kf4 Kg7 55. b7 Rb4+ 56. Ke5 Rb5+ 57. Kd6 Rb1 58. Kc6 Rc1+ 59. Kd5 Rb1 60.
Ke5 Rb5+ 61. Kf4 Rb4+ 62. Kf3 Rb3+ 63. Kg2 Rb2+ 64. Kh3 Rb4 65. h5 gxh5 66. Kg2
Rb3 67. Kf2 h4 68. gxh4 f4 69. h5 Kh7 70. h6 f3 71. Kg3 f2+ 72. Kxf2 Rb5 73. Ke3
Rb6 74. Kd4 Rb1 75. Kc3 Rb6 76. Rc8 Rxb7 77. Rc4 Kxh6 1/2-1/2

[Event "40th ECC Open 2025"]
[Site "Rhodes GRE"]
[Date "2025.10.21"]
[Round "3.102"]
[White "Penalver, Osmani"]
[Black "Matyassy, Lazar"]
[Result "1/2-1/2"]
[WhiteTitle "FM"]
[BlackTitle "FM"]
[WhiteElo "2274"]
[BlackElo "2313"]
[WhiteTeam "Limhamns SK"]
[BlackTeam "MTK Budapest"]
[WhiteFideId "1704516"]
[BlackFideId "17005167"]
[EventDate "2025.10.19"]
[EventType "team"]

1. d4 Nf6 2. c4 e6 3. Nc3 d5 4. cxd5 exd5 5. Bg5 c6 6. Qc2 h6 7. Bxf6 Qxf6 8.
Nxd5 Qxd4 9. Rd1 Bb4+ 10. Nxb4 Qxb4+ 11. Rd2 Qa5 12. a3 Bf5 13. e4 Bg6 14. Ne2
O-O 15. Qc3 Qxc3 16. Nxc3 Re8 17. Be2 Kf8 18. f3 Ke7 19. Kf2 Nd7 20. Rhd1 Rad8
21. f4 f6 22. Ke3 Bf7 23. Bg4 Nb6 24. Be2 Rxd2 25. Rxd2 Bc4 26. Bd1 Be6 27. Be2
Bc4 28. Bd1 Be6 29. Be2 Bc4 1/2-1/2